| 000 | 00373nam a2200121Ia 4500 | ||
|---|---|---|---|
| 008 | 190722s9999 xx 000 0 und d | ||
| 020 | _a978-93-325-5789-5 | ||
| 100 | _aSeligman, Reichenberg | ||
| 245 | 0 | _aTheories of Counseling And Psychotherapy (Systems, Strategies, and Skills) | |
| 260 |
_aIndia _bPearson Education Services Pvt. Ltd. _c2016 |
||
| 300 | _a539 | ||
| 942 | _cBK | ||
| 999 |
_c575 _d575 |
||